Catálogo
 En Linea

Sabaneta : (Registro nro. 19825)

Detalles MARC
000 -CABECERA
campo de control de longitud fija 01262nam a2200181 u 4500
001 - NÚMERO DE CONTROL
campo de control 000020321
005 - FECHA Y HORA DE LA ÚLTIMA TRANSACCIÓN
campo de control 20200929170351.0
008 - DATOS DE LONGITUD FIJA--INFORMACIÓN GENERAL
campo de control de longitud fija 100813s2015 dr 000 0 spa d
020 ## - NÚMERO INTERNACIONAL ESTÁNDAR DEL LIBRO
Número Internacional Estándar del Libro 9789945899153
040 ## - FUENTE DE LA CATALOGACIÓN
Centro catalogador/agencia de origen DO-SdBNP
Lengua de catalogación spa
Centro/agencia transcriptor BNPHU
082 ## - NÚMERO DE LA CLASIFICACIÓN DECIMAL DEWEY
Número de clasificación xxx
Número de documento/Ítem xxxx
100 1# - ENTRADA PRINCIPAL--NOMBRE DE PERSONA
Nombre de persona González Quiñones, Ricardo
9 (RLIN) 42961
245 10 - MENCIÓN DE TÍTULO
Título Sabaneta :
Resto del título ciento setenta años de historia y heroísmo cronología 1844-2014 /
Mención de responsabilidad, etc. Ricardo González Quiñones.
260 ## - PUBLICACIÓN, DISTRIBUCIÓN, ETC.
Lugar de publicación, distribución, etc. Santo Domingo :
Nombre del editor, distribuidor, etc. Ministerio de Cultura,
-- Proyectos Culturales,
Fecha de publicación, distribución, etc. 2015.
300 ## - DESCRIPCIÓN FÍSICA
Extensión 188 p. ;
Dimensiones 24 cm.
505 0# - NOTA DE CONTENIDO CON FORMATO
Nota de contenido con formato Prólogo /
Mención de responsabilidad Pedro Carreras Aguilar --
Título Así renación Sabaneta : somos los hijos del fuego --
-- Entre la comúm y la Anexión --
-- La sublevación de Sabaneta : nuestros próceres y mártires al grito de ¡mache, carajo! -- La cuna de la restauración y El Grito de Capotillo --
-- Sabaneta novillo desde el año 1901 hasta el año 1930 --
-- Sabaneta,Santiago Rodríguez desde 1930 hasta el año 1945 --
-- Sabaneta,Santiago Rodríguez desde 1946 hasta el año 161 -- .
-- San Ignacio de Sabaneta, Santiago Rodríguez des el año 1981 hasta el año 2000 --
-- San Ignacio de Sabaneta, Santiago Rodríguez des el año2001 hasta el año 2014.
500 ## - NOTA GENERAL
Nota general Incluye datos biográficos del autor en la solapa
Existencias
Estado de retiro Estado de pérdida Restricciones de uso No para préstamo Código de colección Localización permanente Ubicación/localización actual Ubicación en estantería Fecha de adquisición Número de inventario Total de préstamos Signatura topográfica completa Código de barras Fecha visto por última vez Número de copia Precio válido a partir de Tipo de ítem Koha
  Extraviado     Dominicana de Servicio General General Extraviado 09.05.2017 LF1   xxx xxxx 20321-30 25.06.2020 e. 3 25.06.2020 Libro y Folleto Colección Dominicana de Servicio
      Excluido de préstamo Patrimonio Dominicano Patrimonio Dominicano Patrimonio Dominicano Depósito 09.05.2017 LF1   xxx xxxx 20321-10 25.06.2020   25.06.2020 Libro y Folleto Colección Patrimonio Dominicano
      Excluido de préstamo Patrimonio Dominicano Patrimonio Dominicano Patrimonio Dominicano Depósito 09.05.2017 LF1   xxx xxxx 20321-20 25.06.2020 e. 2 25.06.2020 Libro y Folleto Colección Patrimonio Dominicano

Con tecnología Koha